Heterocósmica: ficción y mundos posibles
Guardat en:
| Autor principal: | |
|---|---|
| Format: | Llibre |
| Idioma: | espanyol |
| Publicat: |
Madrid
Arco Libros
1999
|
| Col·lecció: | Perspectivas
|
| Matèries: | |
| Etiquetes: |
Afegir etiqueta
Sense etiquetes, Sigues el primer a etiquetar aquest registre!
|
MARC
| LEADER | 00000nam a2200000 a 4500 | ||
|---|---|---|---|
| 001 | UCI9350 | ||
| 003 | CL-VaPUC | ||
| 008 | 081113e19990000SP |||||||||||||||||spa|d | ||
| 020 | |a 847635374X | ||
| 082 | 0 | 4 | |a 808.3 |b DOl |2 21 |
| 100 | 0 | |a Dolozel, Lubomír |e author |9 533036 | |
| 245 | 1 | 0 | |a Heterocósmica: ficción y mundos posibles |
| 300 | |a 358 p | ||
| 942 | |c BK | ||
| 945 | |d 20081113 00:00:00 |a rbrito | ||
| 260 | |a Madrid |b Arco Libros |c 1999 | ||
| 650 | 0 | |a Ficción |9 376687 | |
| 650 | 0 | |a Crítica literaria |9 269189 | |
| 650 | 7 | |a LITERATURA DE FICCION |2 CL-VaPUC |9 334228 | |
| 650 | 0 | |a Cuentos |9 308079 | |
| 650 | 0 | |a Redacción |9 320524 | |
| 583 | |a last modification |c 20081113 00:00:00 |k Rodrigo Vera | ||
| 490 | 0 | |a Perspectivas | |
| 999 | |c 331909 |d 331907 | ||
| 952 | |0 0 |1 0 |4 0 |6 808_300000000000000_DOL_1999 |7 0 |8 A |9 419123 |a FDOPOS |b FDOPOS |d 2019-11-22 |i 4495780 |o 808.3 DOl 1999 |p 4495780 |r 2025-01-22 |w 2019-11-22 |y BK |k DLH | ||